Statystyki dla Quiz o kształtach i flagach krajów

Kliknij tutaj aby rozwiązać quiz!

Ogólne statystyki

  • Ten quiz został rozwiązany 93 razy
  • Średni wynik to 4 z 5

Statystyki odpowiedzi

ZagadnienieOdpowiedź% Poprawnych
Którym krajem jest Rosja?
88%
jaką flagę ma Libia?
88%
który kraj to Liberia?
79%
jaki kształt kraju ma Irak?
65%
Jaki kształt kraju ma Tajwan?
65%

Rozkład punktacji

Percentyl według liczby udzielonych odpowiedzi

Procent ludzi z każdym wynikiem

Twoja historia wyników

Nie rozwiązałeś tego quizu